Złota Piłka 2000 - Top 10 - Statystyki

Ogólne statystyki
  • Ten quiz został rozwiązany 245 razy
  • Średni wynik to 7 z 11
Statystyki odpowiedzi
Lp. Klub Kraj Zawodnik % Poprawnych
1 Real M. Portugalia Luis Figo
95%
4 Arsenal Francja Thierry Henry
88%
2 Juventus Francja Zinedine Zidane
88%
3 Milan Ukraina Andrij Szewczenko
78%
6 Barcelona Brazylia Rivaldo
71%
10= Milan Włochy Paolo Maldini
70%
9 Real M. Hiszpania Raul Gonzalez
69%
10= Man United Anglia David Beckham
53%
7 Roma Argentyna Gabriel Batistuta
29%
5 Lazio Włochy Alessandro Nesta
20%
8 Valencia Hiszpania Gaizka Mendieta
14%
Nie znaleziono quizów pasujących do podanych kryteriów
Rozkład punktacji
Procent ludzi z każdym wynikiem
Percentyl według liczby udzielonych odpowiedzi
Twoja historia wyników
Nie rozwiązałeś tego quizu